000 00623nam a22001937a 4500
005 20260226152257.0
008 260226b |||||||| |||| 00| 0 eng d
020 _a978-1-285-05108-6
050 _aQA 278 .A67 2014
_b1
100 _aKLEINBAUM, DAVID G.
245 _aAPPLIED REGRESSION ANALYSIS AND OTHER MULTIVARIABLE METHODS
250 _a5TH EDITION
260 _aAUSTRALIA,
_bASHFORD COLOUR LIMITED,
_c2014,
300 _aXIX,1051;ILL
500 _aINCLUDES BIBLIOGRAPHICAL REFERENCES AND INDEX
650 _aREGRESSION ANALYSIS
700 _aKUPPER LAWRENCE L, NIZAM AZHAR, ROSENBERG ELI S
942 _2lcc
_cBK
999 _c216712
_d216712